Datum a čas kvízu
26
Celkem bodů
Celkový počet nahraných bodů na tomto kvízu bez doplňovacích otázek.
15.
Pořadí na kvízu
Konečné umístění týmu na tomto kvízu.
Zaznamenané odpovědi
| # | Otázka | Odpověď | Body | Výsledky |
|---|---|---|---|---|
| 1. | Ředitel pražské zoologické zah... | Miroslav Bobek | 1 | |
| 2. | Sarah Mullally stanula minulý... | o anglikánskou církev | 0 | |
| 3. | Na filmovém festivalu v Curych... | Byla vytvořena umělou inteligencí (AI). | 1 | |
| 4. | Od 1. října už není možné žáda... | Superdávka | 1 | |
| 5. | Česká republika má od minulého... | Linda Nosková | 0 | |
| 6. | Wikipedii s nejvyšší pravděpod... | z havajštiny | 1 | |
| 7. | Fanoušci kvízu občas jistě se... | D | 0 | |
| 8. | Dobrým zdrojem informací jsou... | Jsi chytřejší než páťák? | 1 | |
| 9. | Mnemotechnické pomůcky se hodí... | struny na kytaře (pořadí strun/tónů) | 1 | |
| 10. | Někdy však k úspěchu v kvízu s... | 1A 2C 3D 4B | 1 |